| 000 | 006120000a22001210004500 | ||
|---|---|---|---|
| 100 | 1 | _aGómez Gómez, Paula | |
| 245 | 1 | 0 | _a"Creatividad proactiva" Una aplicación en el aula de clase. |
| 300 | _ano.13 (mar., 2010), p.95-102 | ||
| 520 | _aEn la actualidad somos conscientes de la importancia del valor humano y su potencial en el desarrollo de cualquier entidad u organización. Los rasgos más importantes son la inteligencia, la originalidad, el espíritu de innovación y la actitud de mejora continua. | ||
| 650 | 1 | 4 | _aPEDAGOGIA |
| 773 | 0 | _tRevista Quid ...Investigación, ciencia y tecnologí | |
| 942 | _cANA | ||
| 999 |
_c63280 _d63280 |
||